000
00289nam a2200121Ia 4500
008
231221s9999 xx 000 0 und d
041
_a
English
082
_a
001.6424JAV VEN `R'
100
_a
Venners, Bill
245
0
_a
Inside the Java virtual machine
650
_a
Java
942
_c
CD
999
_c
202182
_d
202182